Southville International School and Colleges
Your cart is empty.
  • Cart
  • Lists
    Public lists Eva Luna New books Lux_list list_1
    Your lists Log in to create your own lists
  • Log in to your account
  • Your cookies
  • Search history
Southville International School and Colleges
  • Advanced search
  • Recent comments
  • Most popular
  • Libraries

Log in to your account

Log in with GOOGLE


If you do not have an external account, but do have a local account, you can still log in:

  1. Home
  2. MARC view: The Witch's revenge /
Normal view MARC view ISBD view

The Witch's revenge / (Record no. 1016)

[ view plain ]
MARC details
000 -LEADER
fixed length control field 00915cam a22003013a 4500
001 - CONTROL NUMBER
control field 16386424
003 - CONTROL NUMBER IDENTIFIER
control field OSt
005 - DATE AND TIME OF LATEST TRANSACTION
control field 20140310181652.0
008 - FIXED-LENGTH DATA ELEMENTS--GENERAL INFORMATION
fixed length control field 971210s1996 xxu 000 1 eng
010 ## - LIBRARY OF CONGRESS CONTROL NUMBER
LC control number 97809070
020 ## - INTERNATIONAL STANDARD BOOK NUMBER
International Standard Book Number 0671550659
035 ## - SYSTEM CONTROL NUMBER
System control number (DLC) 97809070
040 ## - CATALOGING SOURCE
Original cataloging agency DLC
Transcribing agency DLC
Modifying agency DLC
050 00 - LIBRARY OF CONGRESS CALL NUMBER
Classification number PZ 7
Item number .P636 1996
082 ## - DEWEY DECIMAL CLASSIFICATION NUMBER
Classification number KF
Item number P63s #6
100 1# - MAIN ENTRY--PERSONAL NAME
Personal name Pike, Christopher,
Dates associated with a name 1955-
9 (RLIN) 4501
245 14 - TITLE STATEMENT
Title The Witch's revenge /
Statement of responsibility, etc Christopher Pike.
260 ## - PUBLICATION, DISTRIBUTION, ETC. (IMPRINT)
Place of publication, distribution, etc New York :
Name of publisher, distributor, etc Pocket Books,
Date of publication, distribution, etc c1996.
300 ## - PHYSICAL DESCRIPTION
Extent 132 p.
Other physical details 18 cm.
490 0# - SERIES STATEMENT
Series statement Spooksville ;
Volume number/sequential designation . 6
541 ## - IMMEDIATE SOURCE OF ACQUISITION NOTE
-- 1
562 ## - COPY AND VERSION IDENTIFICATION NOTE
Number of copies for circulation. 1 copy available in the collection
655 #7 - INDEX TERM--GENRE/FORM
Genre/form data or focus term Young adult fiction.
Source of term lcsh
9 (RLIN) 3735
710 2# - ADDED ENTRY--CORPORATE NAME
Corporate name or jurisdiction name as entry element Copyright Paperback Collection (Library of Congress)
Institution to which field applies DLC
9 (RLIN) 705
906 ## - LOCAL DATA ELEMENT F, LDF (RLIN)
a 7
b cbc
c orignew
d 2
e ncip
f 19
g y-genrareb
942 ## - ADDED ENTRY ELEMENTS (KOHA)
Source of classification or shelving scheme Library of Congress Classification
Koha item type
Call number prefix
Holdings
Withdrawn status Lost status Source of classification or shelving scheme Damaged status Home library Current library Shelving location Date acquired Total Checkouts Full call number Barcode Date last seen Date checked out Copy number Price effective from Koha item type
    Library of Congress Classification   Luxembourg Library Luxembourg Library Kids Fiction Section 04/13/2012 1 PZ 7 .P636 1996 10289 03/29/2019 03/20/2019 1 10/03/2013 Books

The Witch's revenge /

APA

Pike C., Copyright Paperback Collection (Library of Congress), . (1996). The Witch's revenge. New York: Pocket Books.

Chicago

Pike Christopher, Copyright Paperback Collection (Library of Congress), . 1996. The Witch's revenge. New York: Pocket Books.

Harvard

Pike C., Copyright Paperback Collection (Library of Congress), . (1996). The Witch's revenge. New York: Pocket Books.

MLA

Pike Christopher, Copyright Paperback Collection (Library of Congress), . The Witch's revenge. New York: Pocket Books. 1996.

  • Place hold
  • Print
  • Cite
  • Add to your cart (remove)
  • Save record
    BIBTEX Dublin Core MARCXML MARC (non-Unicode/MARC-8) MARC (Unicode/UTF-8) MARC (Unicode/UTF-8, Standard) MODS (XML) RIS
  • More searches
    Search for this title in:
    Other Libraries (WorldCat) Other Databases (Google Scholar) Online Stores (Bookfinder.com) Open Library (openlibrary.org)

Exporting to Dublin Core...

SOUTHVILLE LIBRARY

Southville International School and Colleges Library

1281 Tropical Ave. Cor. Luxembourg St., BF Homes International, Las Pinas City

Tel. No. 8256374 / 252358 Loc. 117/146

Powered by Koha